000 02840nam a22002657a 4500
005 20160602144627.0
010 _aENG-115188
020 _a9789351508908
_c995.00
035 _aEN-98720
037 _bDBAD/PUB
082 0 0 _a155.33
_223
245 0 0 _aNothing to fix :
_bmedicalisation of sexual orientation and gender identity /
_cedited by Arvind Narrain [and] Vinay Chandran
260 _aNew Delhi
_bSAGE Publications
_c2016
270 _aB1/I-1 Mohan Cooperative Industrial Area, Mathura Road
_bNew Delhi
_e110044
300 _axxvi,337p.
_c23cm(Hb)
500 _aIncludes bibliographical references.
505 0 _aIt's not my job to tell you it's okay to be gay : medicalisation of homosexuality : a qeer critique / Arvind Narrain and Vinay Chandran -- Medical students : attitudes, knowledge, and perception of homosexuality in India / Bharath Reddy -- Medical response to male same-sex sexuality in western India : an exploration of conversion treatments for homosexuality / Ketki Ranade -- Mental health professionals : perspectives on lesbian women / Bina Fernandez -- Sex change operation and feminising procedures for transgender women in India : current scenario and way forward / Venkatesan Chakrapani -- Pendulous penises and couture clitorises : what medical men do to intersex infants / Mayur Suresh -- A comparative study of homosexual and heterosexual men with respect to quality of life, substance use, and suicidality / Bharath Reddy -- Validity of "ego-dystonicity" in homosexuality : an Indian perspective / Ami Sebastian Maroky, Shekhar Seshadri, Suresh Bada Math, C.R. Chandrashekar, Aswin Ratheesh, Biju Viswanath -- Why should therapists be sensitive to sexual and gender nonconformity? / Radhika Chandiramani -- A psychologist's journey to understanding sexual orientation / Lata Hemchand -- Transgender and transsexual issues : clinical dilemmas and best-practice guidelines in mental health care / Vidya Sathyanarayanan and Poornima Bhola -- Contexts of distress for LGBT people : a counsellor's guide / Vinay Chandran -- Coming out to parents and friends : need and perspectives from parents of LGBT / Vinay Chandran -- Religion and sexual orientation : reconciling faith with same-sex love / Vinay Chandran and Arvind Narrain -- Section 377 and the medical establishment : changing the terms of the debate / Arvind Narrain -- Human rights violations against the transgender community : a study of Kothi and Hijra sex workers in Bangalore, India / PUCL-K -- Pushing the bundaries of transgender and intersex persons' rights : further resources.
650 1 2 _aSexual Behavior
_xPsychology
650 2 2 _aAttitude of Health Personnel
650 2 2 _aGender Identity
650 2 2 _aPrejudice
700 1 _aNarrain, Arvind
700 1 _aChandran, Vinay
942 _2ddc
_cEN
_h155.33
_mNOT
999 _c100159
_d100159